| 000 | 00511nam a2200133Ia 4500 | ||
|---|---|---|---|
| 008 | 171207s9999 xx 000 0 und d | ||
| 100 | _aErika, Salomon | ||
| 245 | _aClimate change helplessness and the (de)moralization of individual energy behavior. | ||
| 245 | _cSalomon, Erika; Preston, Jesse L.; Tannenbaum, Melanie B. | ||
| 260 | _c2017 | ||
| 300 | _apages 15-28, March 2017 | ||
| 440 |
_aJournal of Experimental Psychology: Applied _v23:1 |
||
| 650 | _aCLIMATE CHANGE, HELPLESSNESS, MORALIZATION, EFFICACY | ||
| 999 |
_c347460 _d347460 |
||